| 000 | 00863nab a2200253 u 4500 | ||
|---|---|---|---|
| 001 | 07852 | ||
| 003 | HDC | ||
| 007 | cr bn ---aaaaa | ||
| 008 | 210129c2013 my dr|nes 0 a may d | ||
| 040 | _aHDC | ||
| 100 |
_aNoor Atiqah Sulaiman _eauthor _98405 |
||
| 245 | 0 |
_aSME Bank Cungkil Bakat Pelajar / Oleh _cNoor Atiqah Sulaiman |
|
| 260 |
_aKuala Lumpur : _bThe New Straits Times Press (M) Bhd., _c2013 |
||
| 300 | _apage: N2 | ||
| 336 |
_atext _2rdacontent |
||
| 337 |
_acomputer _2rdamedia |
||
| 338 |
_aonline resource _2rdacarrier |
||
| 650 |
_aEntrepreneurship sector _zMalaysia _98406 |
||
| 650 |
_aSME bank _98407 |
||
| 856 | _zRequest full-text at [email protected] | ||
| 942 | _2lcc | ||
| 942 | _cNEWS | ||
| 942 | _kNWSC 002266 | ||
| 999 |
_c5175 _d5175 |
||